Normal view
MARC view
- Newman, Maj. Gen. Aubrey S. "Red"
Entry Personal Name
001 - CONTROL NUMBER
- control field: 91105
003 - CONTROL NUMBER IDENTIFIER
- control field: NUST
005 - DATE AND TIME OF LATEST TRANSACTION
- control field: 20220420125817.0
008 - FIXED-LENGTH DATA ELEMENTS
- fixed length control field: 220420|| aca||aabn | a|a d
040 ## - CATALOGING SOURCE
- Original cataloging agency: NUST
- Transcribing agency: NUST
100 ## - HEADING--PERSONAL NAME
- Personal name: Newman, Maj. Gen. Aubrey S. "Red"
670 ## - SOURCE DATA FOUND
- Source citation: Work cat.: (NUST): Newman, Maj. Gen. Aubrey S. "Red", Follow Me II More on the Human Element in Leadership, 1992
